[Event "AUT-ch Seniors 65"]
[Site "Vienna"]
[Date "2023.05.15"]
[Round "1"]
[White "Hoebarth, Guenter"]
[Black "Griesboeck, Rudolf"]
[Result "1-0"]
[WhiteElo "1889"]
[BlackElo "1548"]
[PlyCount "65"]
[EventDate "2023.05.15"]
[EventType "swiss"]
[EventRounds "7"]
[EventCountry "AUT"]
[SourceTitle "CBM 214 Extra"]
[Source "ChessBase"]
[SourceDate "2023.07.31"]
[SourceVersion "1"]
[SourceVersionDate "2023.07.31"]
[SourceQuality "1"]

1. e4 e5 2. Nc3 Nc6 3. Nf3 Nf6 4. Nd5 Nxe4 5. Qe2 Nf6 6. Nxe5 Nxe5 7. Qxe5+ Be7 8. Nxc7+ Kf8 9. Nxa8 d6 10. Qb5 b6 11. Qc6 Ne8 12. Bb5 Bf5 13. Qxe8+ Qxe8 14. Bxe8 Kxe8 15. Nc7+ Kd7 16. Nd5 Bxc2 17. Nxe7 Re8 18. 0-0 Rxe7 19. d4 d5 20. Be3 f5 21. Rac1 Ba4 22. Bf4 Bc6 23. Be5 g6 24. Rc3 a5 25. Rfc1 Re6 26. f4 a4 27. b4 b5 28. a3 h6 29. h4 g5 30. hxg5 Rg6 31. Rxc6 Rxc6 32. Rxc6 Kxc6 33. gxh6 1-0